|
|
|
|
| LEADER |
00000nkm a2200000 a 4500 |
| 001 |
vtls010039263 |
| 003 |
SK-MaSNL |
| 005 |
20260512123303.0 |
| 007 |
kp co |
| 008 |
231214q1935 xo g kuslo |
| 015 |
|
|
|a SNBG
|
| 035 |
|
|
|a urn:nbn:sk:snk-km00bka9
|
| 035 |
|
|
|a urn:nbn:sk:snk-km3lmuw
|
| 035 |
|
|
|a 34BD2010-9768-4338-9B54-9E9F853ADD56
|
| 040 |
|
|
|a SNK
|b slo
|c SNK
|e AACR2
|
| 041 |
0 |
|
|a slo
|
| 043 |
|
|
|a e-xo---
|
| 044 |
|
|
|a xo
|c SK
|
| 080 |
|
|
|a 725.743
|2 2001
|
| 080 |
|
|
|a 913(437.611)
|2 2001
|
| 080 |
|
|
|a (084.121)
|2 2001
|
| 245 |
0 |
0 |
|a Bratislava
|h grafika
|b Lidó
|
| 260 |
|
|
|a [Prešov]
|b Lichtig
|c [1935?]
|
| 300 |
|
|
|a 1 pohľadnica
|b tónovaná do modra
|c 9 x 14 cm
|
| 520 |
8 |
|
|a Zobrazenie: pohľad na kúpalisko Lido
|
| 650 |
0 |
7 |
|a kúpaliská
|2 SNKPH
|9 4394
|
| 651 |
|
7 |
|a Petržalka (Bratislava, Slovensko)
|2 SNKPH
|9 20817
|
| 655 |
|
7 |
|a miestne pohľadnice
|2 SNKPH
|9 70510
|
| 852 |
|
|
|a Slovenská národná knižnica
|
| 958 |
|
|
|a GC
|
| 958 |
|
|
|a GBN
|
| 958 |
|
|
|a OND
|
| 999 |
|
|
|c 746563
|d 748493
|
| 952 |
|
|
|a SNK
|b SNK
|y PREZ
|7 0
|p 17A0642382
|o snkSP 11926
|3 rekatalogizácia
|0 0
|1 0
|4 0
|d 2010-01-14
|f 1
|l 0
|r 2026-02-23 23:18:45
|w 2026-02-23
|